Т. 40, № 11; Физика низких температур

書誌詳細
Parent link:Физика низких температур: научный журнал/ Национальная академия наук Украины (НАНУ) ; Физико-технический институт низких температур им. Б. И. Веркина (ФТИНТ). Т. 40, № 11.— , 1975-
言語:ロシア語
出版事項: 2014
フォーマット: 図書
KOHA link:https://koha.lib.tpu.ru/cgi-bin/koha/opac-detail.pl?biblionumber=539612

MARC

LEADER 00000nam2a2200000 4500
001 539612
005 20231101114414.0
035 |a (RuTPU)RU\TPU\prd\229396 
090 |a 539612 
100 |a 20150112a19759999k y0rusy50 ca 
101 0 |a rus 
102 |a UA 
200 0 |a Т. 40, № 11 
210 |d 2014 
461 1 |0 (RuTPU)RU\TPU\prd\407  |t Физика низких температур  |o научный журнал  |f Национальная академия наук Украины (НАНУ) ; Физико-технический институт низких температур им. Б. И. Веркина (ФТИНТ)  |v Т. 40, № 11  |d 1975- 
801 0 |a RU  |b 63413507  |c 20010227  |g PSBO 
801 1 |a RU  |b 63413507  |c 20150112 
801 2 |a RU  |b 63413507  |c 20230622  |g RCR 
942 |c BK 
999 |a НТБ_ТПУ  |b НФ  |e -1/20150112  |p П-8456  |s 3/20140704  |u 0,00  |v 1